000
00203 a2200097 4500
001
28552
100
_a
Prand
245
_a
Essentials of fluid Dynamics
260
_a
_b
Blackie
_c
090
_c
19120
_d
19120
942
_a
NUST-CAE
_c
M
_c
10137
999
_c
263625
_d
263625